<?xml version="1.0" encoding="UTF-8"?>
<collection xmlns="http://www.loc.gov/MARC21/slim">
 <record>
  <leader>01439ntm a22003015a 4500</leader>
  <controlfield tag="001">EUN.eunm004082</controlfield>
  <controlfield tag="008">120507s2012####ag#######bm###000#0#spa#d</controlfield>
  <controlfield tag="005">20260424090715.0</controlfield>
  <datafield tag="245" ind1="1" ind2="0">
   <subfield code="a">Efecto de la variabilidad climática del balneario Monte Hermoso sobre su geomorfología costera y el confort climático /</subfield>
   <subfield code="c">María Andrea Huamantinco Cisneros ; directora: María Cintia Piccolo ; co director: Gerardo M. E. Perillo.</subfield>
  </datafield>
  <datafield tag="260" ind1=" " ind2=" ">
   <subfield code="c">2012.</subfield>
  </datafield>
  <datafield tag="300" ind1=" " ind2=" ">
   <subfield code="a">xiii, 249 h. :</subfield>
   <subfield code="b">il. col. ;</subfield>
   <subfield code="c">30 cm.</subfield>
  </datafield>
  <datafield tag="500" ind1=" " ind2=" ">
   <subfield code="a">&quot;Tesis de Doctor en Geografía&quot;.</subfield>
  </datafield>
  <datafield tag="502" ind1=" " ind2=" ">
   <subfield code="a">Tesis (doctoral)--Universidad Nacional del Sur. Departamento de Geografía y Turismo, 2012.</subfield>
  </datafield>
  <datafield tag="504" ind1=" " ind2=" ">
   <subfield code="a">Incluye referencias bibliográficas.</subfield>
  </datafield>
  <datafield tag="530" ind1=" " ind2=" ">
   <subfield code="a">Disponible también en formato digital.</subfield>
  </datafield>
  <datafield tag="100" ind1="1" ind2=" ">
   <subfield code="a">Huamantinco Cisneros, María Andrea.</subfield>
   <subfield code="4">dis</subfield>
  </datafield>
  <datafield tag="700" ind1="1" ind2=" ">
   <subfield code="a">Piccolo, María Cintia,</subfield>
   <subfield code="d">1951-</subfield>
   <subfield code="4">ths</subfield>
  </datafield>
  <datafield tag="700" ind1="1" ind2=" ">
   <subfield code="a">Perillo, Gerardo M. E.</subfield>
   <subfield code="q">(Gerardo Miguel Eduardo)</subfield>
   <subfield code="4">ths</subfield>
  </datafield>
  <datafield tag="710" ind1="2" ind2=" ">
   <subfield code="a">Universidad Nacional del Sur.</subfield>
   <subfield code="b">Departamento de Geografía y Turismo</subfield>
   <subfield code="4">dgg.</subfield>
  </datafield>
  <datafield tag="082" ind1="0" ind2="4">
   <subfield code="a">040</subfield>
   <subfield code="2">15</subfield>
  </datafield>
  <datafield tag="082" ind1="0" ind2="4">
   <subfield code="a">551.59</subfield>
   <subfield code="2">15</subfield>
  </datafield>
  <datafield tag="082" ind1="0" ind2="4">
   <subfield code="a">551.45</subfield>
   <subfield code="2">19</subfield>
  </datafield>
  <datafield tag="650" ind1=" " ind2="7">
   <subfield code="a">Climatología.</subfield>
   <subfield code="2">unbist</subfield>
  </datafield>
  <datafield tag="650" ind1=" " ind2="7">
   <subfield code="a">Geomorfología.</subfield>
   <subfield code="2">unbist</subfield>
  </datafield>
  <datafield tag="651" ind1=" " ind2="0">
   <subfield code="a">Monte Hermoso (Argentina)</subfield>
  </datafield>
  <datafield tag="856" ind1="4" ind2="1">
   <subfield code="3">Texto completo</subfield>
   <subfield code="u">http://repositoriodigital.uns.edu.ar/handle/123456789/2242</subfield>
  </datafield>
  <datafield tag="859" ind1=" " ind2=" ">
   <subfield code="a">AR-BaUNS</subfield>
   <subfield code="b">BIB. CENTRAL - Tesis</subfield>
   <subfield code="h">040</subfield>
   <subfield code="i">B148 2012-1134</subfield>
   <subfield code="k">R</subfield>
   <subfield code="p">122868/012</subfield>
  </datafield>
  <datafield tag="859" ind1=" " ind2=" ">
   <subfield code="a">AR-BaUNS</subfield>
   <subfield code="b">Dto. Geografia</subfield>
   <subfield code="h">040</subfield>
   <subfield code="i">B148 2012-1134</subfield>
   <subfield code="p">122869/012</subfield>
  </datafield>
 </record>
</collection>
